Las asociaciones del artículo 43 de la CN y la tutela de intereses difusos (Registro nro. 30410)

Detalles MARC
000 -LEADER
fixed length control field 00384 a2200109 4500
001 - CONTROL NUMBER
control field ART_29407
005 - DATE AND TIME OF LATEST TRANSACTION
control field 20260410161951.0
008 - FIXED-LENGTH DATA ELEMENTS--GENERAL INFORMATION
fixed length control field 260409a
100 1# - MAIN ENTRY--PERSONAL NAME
Personal name Monteleone Lanfranco, Alejandro P.
245 10 - TITLE STATEMENT
Title Las asociaciones del artículo 43 de la CN y la tutela de intereses difusos
773 0# - HOST ITEM ENTRY
Title Temas de derecho comercial
Related parts - Año 1, Nº 5 (mayo 2015)
Record control number REV28151

No hay ítems disponibles.